|
|
|
|
| LEADER |
02028nam a2200421 a 4500 |
| 001 |
44203 |
| 003 |
BD-DhAAL |
| 005 |
20250311115506.0 |
| 008 |
110112s2010 bg b 000 0 eng |
| 010 |
|
|
|a 2010347853
|
| 020 |
|
|
|a 9789848946008
|
| 025 |
|
|
|a B-E-2010-347853; 22-91
|
| 037 |
|
|
|b Library of Congress -- New Delhi Overseas Office
|
| 040 |
|
|
|a DLC
|c DLC
|d DLC
|d BD-DhAAL
|
| 042 |
|
|
|a lcode
|a pcc
|
| 043 |
|
|
|a a-bg---
|
| 050 |
0 |
0 |
|a HJ2158.6
|b .R34 2010
|
| 082 |
|
|
|a 354.549200722
|
| 100 |
1 |
|
|a Rahman, Atiur,
|d 1951-
|
| 245 |
1 |
0 |
|a Redesigning budgetary policy to reach public resources to the poor /
|c Atiur Rahman, Mahfuz Kabir.
|
| 246 |
1 |
7 |
|a Redesigning budgetary policy for the poor
|
| 260 |
|
|
|a Dhaka :
|b Centre for Policy Dialogue,
|c 2010.
|
| 300 |
|
|
|a xiii, 73 pages ;
|c 24 cm
|
| 490 |
0 |
|
|a CPD-SACEPS monograph series ;
|v 5
|
| 500 |
|
|
|a "South Asia Centre for Policy Studies."
|
| 504 |
|
|
|a Includes bibliographical references (p. [71]-73).
|
| 541 |
|
|
|a Complimentary copy from The Centre for Policy Dialogue (CPD)
|e 44203,44204
|
| 650 |
|
0 |
|a Budget
|z Bangladesh.
|
| 650 |
|
0 |
|a Poor
|z Bangladesh.
|
| 651 |
|
0 |
|a Bangladesh
|x Appropriations and expenditures.
|9 57884
|
| 700 |
1 |
|
|a Kabir, Mahfuz.
|9 57885
|
| 710 |
2 |
|
|a Centre for Policy Dialogue (Bangladesh)
|
| 710 |
2 |
|
|a South Asia Centre for Policy Studies.
|9 51095
|
| 830 |
|
|
|a CPD-SACEPS monograph series ;
|v 5
|9 57886
|
| 942 |
|
|
|2 ddc
|c BK
|
| 999 |
|
|
|c 47251
|d 47251
|
| 952 |
|
|
|0 0
|1 0
|2 ddc
|4 0
|6 354_549200722000000_RAH
|7 0
|9 77436
|a BRACUL
|b BRACUL
|c GEN
|d 2025-03-04
|e Complimentary copy from The Centre for Policy Dialogue (CPD)
|g 190.00
|l 0
|o 354.549200722 RAH
|p 3010044203
|r 2025-03-04
|t 1
|w 2025-03-04
|y BK
|x Complimentary copy from The Centre for Policy Dialogue (CPD)
|
| 952 |
|
|
|0 0
|1 0
|2 ddc
|4 0
|6 354_549200722000000_RAH
|7 0
|9 77437
|a BRACUL
|b BRACUL
|c GEN
|d 2025-03-04
|e Complimentary copy from The Centre for Policy Dialogue (CPD)
|g 190.00
|l 0
|o 354.549200722 RAH
|p 3010044204
|r 2025-03-04
|t 2
|w 2025-03-04
|y BK
|x Complimentary copy from The Centre for Policy Dialogue (CPD)
|